Statistics for NASCAR Cup Rookies of the Year & Champions

Click here to take the quiz!

General Stats

  • This quiz has been taken 52 times
    (26 since last reset)
  • The average score is 11 of 13

Answer Stats

ROTY in:Champion in:Answer% Correct
19591964, 1967, 1971, 1972, 1974, 1975, 1979Richard Petty
100%
19791980, 1986, 1987, 1990, 1991, 1993, 1994Dale Earnhardt
88%
19931995, 1997, 1998, 2001Jeff Gordon
88%
20002003Matt Kenseth
88%
19992002, 2005, 2011Tony Stewart
88%
20162020Chase Elliott
81%
19601966, 1968, 1969David Pearson
81%
20012014Kevin Harvick
81%
20052015, 2019Kyle Busch
81%
20142021Kyle Larson
81%
19841989Rusty Wallace
81%
19861992Alan Kulwicki
75%
20092018, 2022Joey Logano
69%

Score Distribution

Percentile by Number Answered

Percent of People with Each Score

Your Score History

You have not taken this quiz since the last reset